| 000 | 00401nam a2200169Ia 4500 | ||
|---|---|---|---|
| 003 | OSt | ||
| 005 | 20240213114238.0 | ||
| 008 | 170619s9999 xx 000 0 und d | ||
| 020 | _a75068740 | ||
| 040 | _cIIMT ENGINEERING COLLEGE | ||
| 100 | _aDrucker- Peter F. | ||
| 245 | 4 | _aThe frontiers of management | |
| 260 | _bOxford Butterworth | ||
| 260 | _c2000 | ||
| 546 | _aENGLISH | ||
| 942 |
_2ddc _c02 |
||
| 999 |
_c22043 _d22043 |
||